000 00932cam a2200289 a 4500
999 _c3861
_d3861
001 2618479
003 OSt
005 20210420111252.0
008 981105s1999 nyua b 001 0 eng
010 _a 98060171
020 _a9781572590410
020 _a1572590416
040 _aDLC
_cDLC
050 0 0 _aQK47
_b.R25 1999
082 0 0 _a580 RAV 1999
_221
100 1 _aRaven, Peter H.; Evert, Ray Franklin; Eichhorn, Susan E.
_98466
245 1 0 _aBiology of Plants
250 _a6th ed.
260 _aNew York :
_bW.H. Freeman :
_c1999.
300 _axv, 944 p. :
_bcol.ill ;
_c29 cm.
504 _aIncludes bibliographical references (p. 851-862) and index.
650 0 _aBotany.
_91777
650 0 _aBiology
_95602
906 _a7
_bcbc
_corignew
_d2
_eopcn
_f19
_gy-gencatlg
942 _2ddc
_cSLOAN